Vivienda social y trabajo social
Збережено в:
| Автори: | , , |
|---|---|
| Інші автори: | |
| Формат: | Книга |
| Мова: | Іспанська |
| Опубліковано: |
Madrid
Popular
1991
|
| Серія: | Colección Trabajo Social y Política Social, 9
|
| Предмети: | |
| Теги: |
Додати тег
Немає тегів, Будьте першим, хто поставить тег для цього запису!
|
MARC
| LEADER | 00000nam a2200000 a 4500 | ||
|---|---|---|---|
| 001 | UCM0792 | ||
| 003 | CL-VaPUC | ||
| 008 | 020315e19910100SP |||||||||||||||||spa|d | ||
| 082 | 0 | 4 | |a 363.55 |b GAV |2 21 |
| 100 | 0 | |a Gaviria, Mario |e author |9 467772 | |
| 700 | 0 | |a Laparra, Miguel |e author |9 467773 | |
| 700 | 0 | |a Ferrer, Javier |e author |9 467774 | |
| 700 | |a Aguilar, Manuel |e autor |9 467775 | ||
| 245 | 1 | 0 | |a Vivienda social y trabajo social |
| 300 | |a 297 p | ||
| 942 | |c BK | ||
| 945 | |d 20020315 00:00:00 |a vberengu | ||
| 260 | |a Madrid |b Popular |c 1991 | ||
| 650 | 0 | |a Vivienda |9 258662 | |
| 650 | 0 | |a Trabajo social |9 307856 | |
| 651 | 0 | |a España |9 254926 | |
| 583 | |a last modification |c 20020315 00:00:00 |k Rodrigo Vera | ||
| 490 | 0 | |a Colección Trabajo Social y Política Social, 9 | |
| 999 | |c 299612 |d 299610 | ||
| 952 | |0 0 |1 0 |4 0 |6 363_550000000000000_GAV_1991 |7 0 |8 A |9 356346 |a BIBGIM |b BIBGIM |d 2019-11-21 |i 3797155 |o 363.55 GAV 1991 |p 3797155 |r 2025-01-15 |w 2019-11-21 |y BK |k GIM | ||